Bienvenido a nuestro catálago, Biblioteca Universidad Monteávila

Cómo mienten las empresas ¿Por qué Enron es tan sólo la punta del Iceberg? (Registro nro. 13419)

Detalles MARC
000 -CABECERA
campo de control de longitud fija 02699nam a2200253 4500
003 - IDENTIFICADOR DEL NÚMERO DE CONTROL
campo de control vecauma
005 - FECHA Y HORA DE LA ÚLTIMA TRANSACCIÓN
campo de control 20260422200306.0
007 - CAMPO FIJO DE DESCRIPCIÓN FÍSICA--INFORMACIÓN GENERAL
campo de control de longitud fija ta
008 - DATOS DE LONGITUD FIJA--INFORMACIÓN GENERAL
campo de control de longitud fija 260422b ve ||||| |||| 00| 0 spa d
020 ## - ISBN
Número Internacional Estándar del Libro 8480888970
040 ## - FUENTE DE LA CATALOGACIÓN
Centro catalogador/agencia de origen vecauma
Lengua de catalogación spa
Centro/agencia transcriptor vecauma
Centro/agencia modificador vecauma
Normas de descripción rda
041 ## - CÓDIGO DE LENGUA
Código de lengua del recurso spa
100 1# - AUTOR PERSONAL
Término indicativo de función/relación autor
245 1# - MENCIÓN DE TÍTULO
Título Cómo mienten las empresas ¿Por qué Enron es tan sólo la punta del Iceberg?
Resto del título Una guía para comprender el fraude contable y la ingeniería financiera
Mención de responsabilidad, etc. / A. Larry Elliot y Richard J. Schroth
264 ## - PRODUCCIÓN, PUBLICACIÓN, DISTRIBUCIÓN, FABRICACIÓN Y COPYRIGHT
Producción, publicación, distribución, fabricación y copyright España:
Nombre del de productor, editor, distribuidor, fabricante Gestión 2000, S.A.;
Fecha de producción, publicación, distribución, fabricación o copyright 2003.
300 ## - DESCRIPCIÓN FÍSICA
Extensión 156 páginas.
336 ## - TIPO DE CONTENIDO
Término de tipo de contenido texto
Código de tipo de contenido txt
Fuente rdacontenido
337 ## - TIPO DE MEDIO
Nombre/término del tipo de medio no mediado
Código del tipo de medio n
Fuente rdamedio
338 ## - TIPO DE SOPORTE
Nombre/término del tipo de soporte volumen
Código del tipo de soporte nc
Fuente rdasoporte
505 0# - NOTA DE CONTENIDO CON FORMATO
Nota de contenido con formato Los mecanismos de la mentira /<br/>El arte de los tramposos astutos /<br/>La protección de inversores y empresas /<br/>Palabras sin fundamento /<br/>La neblina de la complejidad corporativa /<br/>Administración disfuncional /<br/>Los mercados han hablado /
520 3# - SUMARIO, ETC.
Sumario, etc. Los mercados, gracias a las mentiras de algunos directivos y de todos los que les rodean, son los casinos y los canódromos del nuevo siglo. Existe una diferencia básica, sin embargo, entre las apuestas en los casinos y las apuestas para ganar dinero invirtiendo en empresas: en Las Vegas es posible calcular las apuestas y la probabilidad de ganar o perder. Algo que actualmente resulta imposible en la bolsa debido al comportamiento de las empresas que en ella cotizan. Los que juegan en los casinos no suelen en el transcurso del juego añadir o retirar un par de ases, pero esto sí sucede en Wall Street y entre las empresas que cotizan en bolsa.<br/><br/>Enron, Tyco, Sunbeam, Global Crossings, Waste Management y, ahora, WorldCom, no son más que la punta del iceberg, los síntomas en la superficie que revelan lo que deben hacer las empresas del futuro para evitar sucumbir. Afortunadamente, existen métodos para que el inversor individual reconozca las empresas que corren el peligro de convertirse en el próximo Enron.<br/><br/>Esta obra nos alerta sobre:<br/>.Los mecanismos de la contabilidad creativa<br/>.El arte de los tramposos astutos<br/>.Las palabras sin fundamento<br/>.La neblina de la complejidad corporativa<br/><br/>A. Larry Elliott es presidente y director general de EDA, Inc., y antiguo socio de Heidrick y Struggles, una de las empresas líderes mundiales en investigación empresarial.<br/><br/>Richard J. Schroth trabaja como consultor y asesor en tecnología emergente y estrategia empresarial para muchas empresas líderes mundiales. Es fundador, director general y presidente de Executive Insights, Ltd y Executive Viewpoints, Inc.
942 #1 - ELEMENTOS DE ENTRADA AGREGADA (KOHA)
Fuente del sistema de clasificación o colocación Library of Congress Classification
Ocultar en OPAC No
Tipo de ítem Koha Libros
Existencias
Estado de retiro Estado de pérdida Fuente del sistema de clasificación o colocación Estado dañado No para préstamo Código de colección Localización permanente Ubicación/localización actual Ubicación en estantería Fecha de adquisición Número de inventario Total de préstamos Código de barras Fecha visto por última vez Precio válido a partir de Tipo de ítem Koha
    Library of Congress Classification     Colección general Biblioteca Universidad Monteávila Biblioteca Universidad Monteávila Colección general 22/04/2026 49087   2026-0562 22/04/2026 22/04/2026 Libros

Copyright @ UMA Library
Universidad Monteávila Caracas, Venezuela

Edif. Sede principal Universidad Monteávila. Av. El Buen Pastor. Boleíta Norte. Caracas. 
Customized by Universidad Monteávila

Con tecnología Koha